Human factors in transport research
Uloženo v:
| Hlavní autoři: | , |
|---|---|
| Médium: | Kniha |
| Jazyk: | angličtina |
| Vydáno: |
Londres
Academic Press
1980
|
| Témata: | |
| Tagy: |
Přidat tag
Žádné tagy, Buďte první, kdo vytvoří štítek k tomuto záznamu!
|
MARC
| LEADER | 00000nam a2200000 a 4500 | ||
|---|---|---|---|
| 001 | UCU3104 | ||
| 003 | CL-VaPUC | ||
| 005 | 20250225102819.0 | ||
| 008 | 960502e19800000uk 1 eng d | ||
| 082 | 0 | 4 | |a 620.82 |b OBO |2 21 |
| 100 | 1 | |a Oborne, D. J |e author |9 617686 | |
| 700 | 1 | |a Levis, J. A |e author |9 617687 | |
| 245 | 1 | 0 | |a Human factors in transport research |
| 260 | |a Londres |b Academic Press |c 1980 | ||
| 300 | |a 2 v | ||
| 583 | |a last modification |c 19960502 00:00:00 |k Rodrigo Vera | ||
| 650 | 0 | 7 | |a ERGONOMIA |2 CL-VaPUC |9 357101 |
| 650 | 0 | 7 | |a TRANSPORTE |2 CL-VaPUC |9 256365 |
| 650 | 0 | 7 | |a SERVICIOS DE TRANSPORTE |2 CL-VaPUC |9 358013 |
| 650 | 0 | 7 | |a ESTUDIO DEL TRABAJO |2 CL-VaPUC |9 358032 |
| 650 | 0 | 7 | |a INGENIERIA DE LOS FACTORES HUMANOS |2 CL-VaPUC |9 358033 |
| 650 | 0 | 0 | |a Vehículos de motor |9 428686 |
| 650 | 0 | 0 | |a Autobuses |9 359340 |
| 650 | 0 | 7 | |a AVIONES DE TRANSPORTE |2 CL-VaPUC |9 359901 |
| 650 | 0 | 7 | |a TRABAJADORES DEL TRANSPORTE |2 CL-VaPUC |9 359356 |
| 942 | |c BK | ||
| 945 | |a cmena |d 19960502 00:00:00 | ||
| 546 | |a En Inglés | ||
| 536 | |a Ergonomics Society | ||
| 518 | |p International Conference or Ergonomics and Transport Held, Swansea, 8 al 12 de Septiembre de 1980 | ||
| 999 | |c 382593 |d 382591 | ||
| 952 | |0 0 |1 0 |4 0 |6 620_820000000000000_OBO_1980 |7 0 |8 A |9 504373 |a BIBING |b BIBING |d 2020-01-23 |h v.1 |i 1649973 |o 620.82 OBO 1980 |p 1649973 |r 2025-01-20 |w 2020-01-23 |y BK |k TRA | ||
| 952 | |0 0 |1 0 |4 0 |6 620_820000000000000_OBO_1980 |7 0 |8 A |9 504374 |a BIBING |b BIBING |d 2020-01-23 |h v.2 |i 1649388 |o 620.82 OBO 1980 |p 1649388 |r 2025-01-20 |w 2020-01-23 |y BK |k TRA | ||